Vojenská střední škola ve Vyškově : ... o škole a studiu

Korporativní autor: Česko. Ministerstvo obrany. Hlavní personální úřad
Jazyk: Čeština
Vydáno: Praha : Ministerstvo obrany České republiky - AVIS, 2000
Edice: Armáda České republiky
Témata:
Fyzický popis: [16] s. : barev. il. ; 30 cm
Knihy
Uloženo v:
LEADER 01545nam a2200397 a 4500
001 000534700
003 CZ BrMZK
005 20080522141420.0
007 ta
008 000115s2000 xr e cze d
015 |a cnb000978719 
020 |a 80-7278-037-9 
035 |a (OCoLC)85010695 
040 |a BOA001  |b cze 
043 |a e-xr---  |b e-xr-jm  |2 czenas 
072 7 |a 355/359  |x Vojenství. Obrana země. Ozbrojené síly  |2 Konspekt  |9 15 
080 |a 373.5:355  |2 MRF 
080 |a 355.233  |2 MRF 
080 |a (437.322)  |2 MRF 
080 |a (041)  |2 MRF 
245 0 0 |a Vojenská střední škola ve Vyškově :  |b ... o škole a studiu 
260 |a Praha :  |b Ministerstvo obrany České republiky - AVIS,  |c 2000 
300 |a [16] s. :  |b barev. il. ;  |c 30 cm 
490 1 |a Armáda České republiky 
500 |a Náz. vzat z obálky. - Vyd. Centrum personálního marketingu HPÚ MO 
650 0 7 |a střední vojenské školy  |7 ph126216  |z Česko  |2 czenas 
650 0 7 |a vojenská výchova a vzdělávání  |7 ph203874  |z Česko  |2 czenas 
655 7 |a brožury  |7 fd131925  |2 czenas 
610 2 7 |a Vojenská střední škola Jana Lucemburského (Vyškov, Česko)  |7 kn20020322099  |2 czenas 
651 7 |a Vyškov (Česko)  |7 ge131361  |2 czenas 
710 1 |a Česko.  |b Ministerstvo obrany.  |b Hlavní personální úřad  |7 kn20050811012 
830 0 |a Armáda České republiky 
910 |a BOA001  |b 4-1077.492 
967 |a Vyškov  |b Vyškov  |c cz-ms 
990 |a BK 
996 6 |b 2610121810  |c 4-1077.492  |l MZK  |r Sklad / do 1 hodiny  |n 0  |p p.v.  |w 000534700  |u 000010  |a 1  |e BOA001  |j MZK50  |s P